False Consciousness : (Record no. 193780)

000 -LEADER
fixed length control field 00516 a2200157 4500
003 - CONTROL NUMBER IDENTIFIER
control field NUST
005 - DATE AND TIME OF LATEST TRANSACTION
control field 20221205182349.0
040 ## - CATALOGING SOURCE
Transcribing agency Nust
082 ## - DEWEY DECIMAL CLASSIFICATION NUMBER
Classification number 153,GAB
100 ## - MAIN ENTRY--PERSONAL NAME
Personal name Gabel,Joseph
9 (RLIN) 104168
245 ## - TITLE STATEMENT
Title False Consciousness :
Remainder of title an essy on Reification /
Statement of responsibility, etc. joseph gabel
260 ## - PUBLICATION, DISTRIBUTION, ETC.
Place of publication, distribution, etc. london
Name of publisher, distributor, etc. Happer
Date of publication, distribution, etc. 1962
300 ## - PHYSICAL DESCRIPTION
Extent xxx,358 p. :
505 ## - FORMATTED CONTENTS NOTE
Formatted contents note Part-1: The Problem of Alienation (Page-3), Part-2: Reified Consciousness (Page-139), Part-3: Conclusions (Page-313) Appendix (Page-318)
942 ## - ADDED ENTRY ELEMENTS (KOHA)
Source of classification or shelving scheme
Koha item type Book
Call number prefix 153,GAB
Holdings
Withdrawn status Lost status Source of classification or shelving scheme Damaged status Not for loan Permanent Location Current Location Shelving location Date acquired Full call number Barcode Date last seen Price effective from Koha item type Public note
          Military College of Signals (MCS) Military College of Signals (MCS) General Stacks 12/12/2016 153,GAB MCS21880 12/08/2016 12/12/2016 Book Almirah No.46, Shelf No.4
© 2023 Central Library, National University of Sciences and Technology. All Rights Reserved.